000 00420nam a2200181Ia 4500
005 20240823060503.0
008 240823s9999||||xx |||||||||||||| ||und||
041 _aENGLISH
082 _A621.3192 Q5
100 _aNagoor Kani A
245 0 _aCircuit Theory
250 _a2nd
260 _c2015
_bMcGraw Hill Educ
500 _aTRANSFERED
650 _aCircuit Theory
_bElectrical
942 _cBK
999 _c231247
_d231247